000 00966nam a22002297a 4500
001 38095
003 BD-RjUL
005 20211209052726.0
008 150909r20021993ii ||||| |||| 00| 0 ben d
035 _a(BD-RjUL)38200
040 _aBD-RjUL
_beng
_cBD-RjUL
041 _aeng
082 _a150.1952
_bFRT 2002
_223
100 _aফ্রয়েড, সিগমুন্ড
_9117921
245 _aটোটেম ও টাবু /
_cসিগমুন্ড ফ্রয়েড ; ভাষান্তর ধনপতি বাগ
260 _aকলকাতা :
_bসুবর্ণরেখা,
_c১৯৯৩,
_c[পুনর্মুদ্রণ ২০০২].
300 _a১৩৩ পৃ. ;
_c২২ সেমি
650 _aমন:সমীক্ষণ (মানসিক রোগের চিকিৎসা পদ্ধতি)
_9117922
650 _aPsychoanalysis
_9117923
700 _aবাগ, ধনপতি
_9117924
942 _2ddc
_cBK
999 _c38095
_d38095